| 000 | 01051nas a2200337 4500 | ||
|---|---|---|---|
| 001 | BR0601268 | ||
| 003 | BR-BrBNA | ||
| 005 | 20231205105917.0 | ||
| 007 | ta | ||
| 008 | 230509b bl.|||p| |||| 00| 00por d | ||
| 040 |
_aBR-BrBNA _bpor _cBiblioteca Nacional de Agricultura |
||
| 041 | _a(Pt) | ||
| 072 | _aL40; L02 | ||
| 100 | 1 | _aScandolera, A.J. | |
| 100 | 1 | _aThomaz, M.C. | |
| 100 | 1 | _aKronka, R.N. | |
| 100 | 1 | _aFraga, A.L. | |
| 100 | 1 | _aBudiño, F.E.L. | |
| 100 | 1 | _aHuaynate, R.A.R. | |
| 100 | 1 | _aRuiz, U. dos S. | |
| 100 | 1 | _aCristani, J. | |
| 245 | 1 | _aEfeitos de fontes protéicas na dieta sobre a morfologia intestinal e o desenvolvimento pancreático de leitões recém-desmamados | |
| 650 | _aLEITÃO | ||
| 650 | _aMORFOLOGIA ANIMAL | ||
| 650 | _aLACTOSE | ||
| 650 | _aPROTEÍNA HIDROLISADA | ||
| 650 | _aDESMAMA | ||
| 773 | 0 |
_tRevista Brasileira de Zootecnia (Brazil) _xISSN 1516-3598 _g(Nov-Dec 2005), v. 34(6)suplemento p. 2355-2368 _wBR0601268 |
|
| 909 |
_a202311 _bLúcia _c55 _dLúcia Elande |
||
| 942 |
_2AGRIS _n0 _cANA |
||
| 999 |
_c185311 _d185311 |
||